000 00675nam a22001937a 4500
999 _c170959
_d170959
005 20191231151054.0
010 _aA-142486
020 _c40.00
_a-
035 _aA-142486
037 _bBPPD
082 _a841.09
100 _aعر فا ن عبا سی
245 _aتز کر ہ شعر ا ۓ ا تر پر د يش
_cعر فا ن عبا سی
246 _aTazkara-e-Shoarai Uttarpardesh (Urdu)
_bby Irfan Abbasi
260 _aLucknow
_c1983 ء
_bNusrat Publishers
270 _aAmeenabad
_bLucknow
_k-
_e-
300 _a320 ص
_c22 cm(hb)
942 _2ddc
_cUR
_h841.09
_mع ر ف